000 00983nam a22002057a 4500
008 100330s2009 le||||||r||| 001 0 ara d
020 _a995321431X
082 _222
_a247.09538
_bه ط ل
100 _913297
_aالهطلاني، إبراهيم
245 _aالشيعة السعوديون :
_bقراءة تاريخية وسياسية لنماذج مطلبية /
_cإبراهيم الهطلاني
260 _aبيروت :
_bرياض الريس، 2009
_c2009
300 _a:276 ص
_bصور ؛
_c22 سم
500 _aيشتمل على كشافات
650 _913296
_aالشيعة
_zالسعودية
650 _913295
_aالحركات الفكرية عند المسلمين
650 _913293
_aالشيعة
650 _913294
_aالفرق الإسلامية
942 _2ddc
_cBB
999 _c13827
_d13827